|
|
|
|
| LEADER |
00000nab a2200000 ar4500 |
| 001 |
vtls011586480 |
| 003 |
SK-MaSNL |
| 005 |
20260305040646.0 |
| 008 |
161014c20160706xo mr|p|||||||000 b|slo |
| 038 |
|
|
|a SNSK
|
| 040 |
|
|
|b slo
|c SNSK
|e AACR2
|
| 041 |
|
|
|a slo
|
| 044 |
|
|
|a xo
|c SK
|
| 080 |
|
|
|a 551.44
|2 2011
|
| 080 |
|
|
|a 338.48
|x -52
|2 2011
|
| 080 |
|
|
|a 797.1
|2 2011
|
| 100 |
1 |
|
|a Kovář, Zdeněk
|4 aut
|9 266642
|
| 245 |
1 |
0 |
|a Jaskyňu si pozriete aj z loďky!
|b Domica láka turistov na výnimočnú atrakciu
|c Zdeněk Kovář
|
| 300 |
|
|
|b Fotogr.
|
| 650 |
0 |
7 |
|a turistické atrakcie
|2 snsk
|9 1064898
|
| 650 |
0 |
7 |
|a plavby
|2 snsk
|9 446311
|
| 650 |
0 |
7 |
|a člnkovanie
|2 snsk
|9 1236490
|
| 651 |
|
7 |
|a Domica (Slovensko : jaskyňa)
|2 snsk
|9 22972
|
| 651 |
|
7 |
|a Dlhá Ves (Slovensko)
|2 snsk
|9 58455
|
| 651 |
|
7 |
|a Rožňava (Slovensko : okres)
|2 snsk
|9 19215
|
| 773 |
0 |
|
|t Nový Čas
|g Roč. 26, č. 156 (6.7.2016), s. 8
|x 1335-4655
|
| 852 |
|
|
|a SNSK
|b KIS3GCP
|
| 999 |
|
|
|c 3339721
|d 3341651
|